Normal view MARC view
  • Molecular biology

Entry Topical Term

Number of records used in: 7

001 - CONTROL NUMBER

  • control field: 38995

003 - CONTROL NUMBER IDENTIFIER

  • control field: OSt

005 - DATE AND TIME OF LATEST TRANSACTION

  • control field: 20160110135316.0

008 - FIXED-LENGTH DATA ELEMENTS

  • fixed length control field: 160110|| aca||babn | a|a d

040 ## - CATALOGING SOURCE

  • Original cataloging agency: OSt

150 ## - HEADING--TOPICAL TERM

  • Topical term or geographic name as entry element: Molecular biology

450 ## - SEE FROM TRACING--TOPICAL TERM

  • Topical term or geographic name entry element: Molecular biochemistry

450 ## - SEE FROM TRACING--TOPICAL TERM

  • Topical term or geographic name entry element: Molecular biophysics

550 ## - SEE ALSO FROM TRACING--TOPICAL TERM

  • Topical term or geographic name entry element: Biochemistry

550 ## - SEE ALSO FROM TRACING--TOPICAL TERM

  • Topical term or geographic name entry element: Biophysics

550 ## - SEE ALSO FROM TRACING--TOPICAL TERM

  • Topical term or geographic name entry element: Biomolecules

550 ## - SEE ALSO FROM TRACING--TOPICAL TERM

  • Topical term or geographic name entry element: Systems biology